COMMUNITY NUTRITION IN ACTION: AN ENTREPRENEURIAL APPROACH (Record no. 215886)

MARC details
000 -LEADER
fixed length control field 00635nam a22001937a 4500
008 - FIXED-LENGTH DATA ELEMENTS--GENERAL INFORMATION
fixed length control field 250711b |||||||| |||| 00| 0 eng d
020 ## - INTERNATIONAL STANDARD BOOK NUMBER
International Standard Book Number 978-1-111-98987-3
050 ## - LIBRARY OF CONGRESS CALL NUMBER
Classification number TX 360 .U6 B69 2013
100 ## - MAIN ENTRY--PERSONAL NAME
Personal name BOYLE, MARIE A.
245 ## - TITLE STATEMENT
Title COMMUNITY NUTRITION IN ACTION: AN ENTREPRENEURIAL APPROACH
250 ## - EDITION STATEMENT
Edition statement 6
260 ## - PUBLICATION, DISTRIBUTION, ETC.
Place of publication, distribution, etc. BELMONT, OH,
Name of publisher, distributor, etc. CENGAGE LEARNING,
Date of publication, distribution, etc. 2013
300 ## - PHYSICAL DESCRIPTION
Extent XV,772P.:ILL
500 ## - GENERAL NOTE
General note INCLUDES BIBLIOGRAPHICAL REFERENCES AND INDEX
650 ## - SUBJECT ADDED ENTRY
Topical term or geographic name entry element 1. NUTRITION POLICY--UNITED STATES 2. COMMUNITY HEALTH SERVICES--UNITED STATES
700 ## - ADDED ENTRY--PERSONAL NAME
Personal name HOLBEN, DAVID H.
942 ## - ADDED ENTRY ELEMENTS (KOHA)
Source of classification or shelving scheme Library of Congress Classification
Koha item type Long Loan Book
Holdings
Withdrawn status Lost status Source of classification or shelving scheme Damaged status Not for loan Collection Home library Current library Shelving location Date acquired Inventory number Total checkouts Full call number Barcode Date last seen Copy number Price effective from Koha item type
    Library of Congress Classification     Science & Technology Kisii University Library Kisii University Library On Display 07/11/2025 109112   TX 360 .U6 B69 2013 000000023973 07/11/2025 1 07/11/2025 Long Loan Book
    Library of Congress Classification     Science & Technology Kisii University Library Kisii University Library On Display 07/11/2025 109113   TX 360 .U6 B69 2013 000000023972 07/11/2025 2 07/11/2025 Long Loan Book